Kế toán tài chính: Doanh nghiệp thương mại dịch vụ
Cuốn sách này sẽ cho bạn biết thêm nhiều nội dung về tổng quan về kế toán tài chính trong doanh nghiệp, kế toán hoạt động mua bán hàng hóa trong nước, kế toán hoạt động kinh doanh xuất nhập khẩu....
Tallennettuna:
| Päätekijä: | |
|---|---|
| Muut tekijät: | , |
| Aineistotyyppi: | Kirja |
| Kieli: | Vietnamese |
| Julkaistu: |
H.
Tài Chính
2020
|
| Aiheet: | |
| Tagit: |
Lisää tagi
Ei tageja, Lisää ensimmäinen tagi!
|
| Thư viện lưu trữ: | Thư viện Trường Đại học Nam Cần Thơ |
|---|
| LEADER | 01185nam a22002177a 4500 | ||
|---|---|---|---|
| 001 | NCT_136581 | ||
| 008 | 220616b xxu||||| |||| 00| 0 vie d | ||
| 999 | |c 7046 |d 7046 | ||
| 020 | |a 9786047923441 |c 268000 | ||
| 082 | 0 | 4 | |2 23rd ed. |a 657.8333 |b A107 |
| 100 | 1 | |a Vũ Thị Kim Anh | |
| 245 | 1 | 0 | |a Kế toán tài chính: |b Doanh nghiệp thương mại dịch vụ |c Vũ Thị Kim Anh, Nguyễn Thị Thanh Phương, Hà Thị Thúy Vân |
| 260 | |a H. |b Tài Chính |c 2020 | ||
| 300 | |a 542 tr. |b Bảng |c 24cm | ||
| 520 | 3 | |a Cuốn sách này sẽ cho bạn biết thêm nhiều nội dung về tổng quan về kế toán tài chính trong doanh nghiệp, kế toán hoạt động mua bán hàng hóa trong nước, kế toán hoạt động kinh doanh xuất nhập khẩu.... | |
| 653 | |a Kế toán | ||
| 700 | 1 | |a Nguyễn Thị Thanh Hương | |
| 700 | 1 | |a Hà Thị Thúy Vân | |
| 942 | |2 ddc |c BK | ||
| 952 | |0 0 |1 0 |2 ddc |4 0 |6 657_833300000000000_A107 |7 0 |9 25138 |a 000001 |b 000001 |d 2022-06-16 |o 657.8333 A107 |p MD.19822 |r 2022-06-16 |v 268000.00 |w 2022-06-16 |y BK | ||
| 980 | |a Thư viện Trường Đại học Nam Cần Thơ | ||


